000 00538nam a22001697a 4500
005 20251108164051.0
008 250721s1985 xx 000 0 ara d
082 1 4 _a216,9/زكر
100 1 _aالخطيب، زكريا عبد المنعم إبراهيم
245 1 0 _aنظام الشورى في الإسلام و نظم الديمقراطية المعاصرة /
264 1 _aالقاهرة :
_c1985.
300 _a773ص
650 1 7 _aالأحكام السلطانية
650 1 7 _aالشورى
942 _2ddc
_cBK
999 _c2774
_d2774